| 000 | 01022nam a2200241 a 4500 | ||
|---|---|---|---|
| 001 | 39799 | ||
| 003 | BD-RjUL | ||
| 005 | 20211209053048.0 | ||
| 008 | 160418s1981 ii a|||| |||| 001 0 ben d | ||
| 020 | _c: TK. 60 | ||
| 035 | _a(BD-RjUL)39912 | ||
| 040 |
_aBD-RjUL _bBEN _cBD-RjUL |
||
| 041 | _aBEN | ||
| 082 |
_223 _bBAD 1981 _a070.5095492 |
||
| 100 |
_aবন্দ্যোপাধ্যায়, চিওরঞ্জন _9122603 |
||
| 245 |
_aদুই শতকের বাংলা মুদ্রন ও প্রকাশন / _c চিওরঞ্জন বন্দ্যোপাধ্যায় |
||
| 260 |
_aকলিকাতা : _bআনন্দ পাবলিশাস প্রাইভেট লিমিটেড, _c১৯৮১ |
||
| 300 |
_a৫০৪ পৃ.: _bচিএ ; _c২৩ সেমি. |
||
| 500 | _aনিযন্ট | ||
| 650 |
_2Printing _xHistory _zBangladesh _9122619 |
||
| 650 |
_2মুদ্রন _xইতিহাস _zবাংলাদেশ _9122620 |
||
| 942 |
_2ddc _cBK |
||
| 999 |
_c39799 _d39799 |
||